000 01059nam0a2200301 4500
001 RU\NLR\bibl\857126
005 20250615181540.0
010 _a5-462-00382-X
_95000
021 _aRU
_b2005-30358
_91519
035 _a(NLR Aleph) 001346602
090 _a894400
_c894400
100 _a20051020d2005 |||y0rusy50 ca
101 0 _arus
102 _aRU
105 _ay |||||||||
200 1 _aПоступаем в зарубежный вуз
_eсправочник абитуриента
_f[Буховцев Андрей Борисович]
210 _aМосква
_cАСТ пресс
_cАСТ-ПРЕСС КНИГА
_d2005
215 _a397, [2] с.
_d22
606 1 _aВысшие учебные заведения
_jСправочники
_91409179
_3RU\NLR\auth\66281804
686 _aЧ484(0)я2
686 _aЧ421.442.1я2
702 1 _aБуховцев
_bА. Б.
_gАндрей Борисович
_4220
801 0 _aRU
_bNLR
_c20051020
_grcr
801 1 _aRU
_bNLR
_c20051020
852 _aNLR
_jФГО
942 _cBOOK
980 _aNB